[Event "Budapest FS08 Nadassy"]
[Site "Budapest"]
[Date "2020.08.05"]
[Round "5.3"]
[White "Farago, Sandor"]
[Black "Hofstadler, Mario"]
[Result "1-0"]
[WhiteElo "2219"]
[BlackElo "1903"]
[PlyCount "87"]
[EventDate "2020.08.01"]
[EventType "team-schev"]
[EventRounds "14"]
[EventCountry "HUN"]
[SourceTitle "EXT 2021"]
[Source "ChessBase"]
[SourceDate "2020.10.23"]
[SourceVersion "1"]
[SourceVersionDate "2020.10.23"]
[SourceQuality "1"]
[WhiteTeam "Team 1"]
[BlackTeam "Team 2"]
[WhiteTeamCountry "HUN"]
[BlackTeamCountry "HUN"]

1. e4 c6 2. d4 d5 3. e5 Bf5 4. Nc3 e6 5. Nf3 Nd7 6. a3 c5 7. dxc5 Nxc5 8. Bb5+ Nd7 9. Nd4 Bg6 10. Bf4 a6 11. Be2 Ne7 12. h4 h6 13. h5 Bh7 14. Bd3 Bxd3 15. Qxd3 Nc5 16. Qe3 Nc6 17. 0-0-0 Nxd4 18. Rxd4 Nd7 19. Qf3 Nb6 20. Rhd1 Be7 21. Qg4 Bg5 22. g3 Qe7 23. Rb4 Nc8 24. Kb1 0-0 25. Bxg5 hxg5 26. f4 Na7 27. Rbd4 Nc6 28. R4d2 Rac8 29. Ne2 f5 30. exf6 Qxf6 31. fxg5 Qf5 32. Qh4 Ne5 33. Nd4 Qe4 34. Qxe4 dxe4 35. Nxe6 Rfe8 36. Nf4 e3 37. Re2 Rc5 38. Rxe3 Rec8 39. g6 Nc4 40. Re7 b5 41. Rdd7 Nxb2 42. Rxg7+ Kh8 43. Rh7+ Kg8 44. Rdg7+ 1-0

[Event "AUT-ch Vor4 Internet"]
[Site "Playchess.com INT"]
[Date "2020.04.25"]
[Round "2"]
[White "Hofstadler, Mario"]
[Black "Kravanja, Georg"]
[Result "0-1"]
[WhiteElo "1867"]
[BlackElo "2199"]
[PlyCount "116"]
[EventDate "2020.04.25"]
[EventType "swiss (blitz)"]
[EventRounds "9"]
[EventCountry "AUT"]
[SourceTitle "EXT 2021"]
[Source "ChessBase"]
[SourceDate "2020.10.23"]
[SourceVersion "1"]
[SourceVersionDate "2020.10.23"]
[SourceQuality "1"]

1. d4 Nf6 2. Bg5 Ne4 3. Bf4 d5 4. e3 c5 5. Nc3 Qa5 6. Nge2 Nc6 7. f3 Nf6 8. dxc5 e5 9. Bg5 Be6 10. Qd2 Qxc5 11. Nc1 d4 12. Nb5 0-0-0 13. Nb3 Bxb3 14. axb3 a6 15. Na3 Qb4 16. Qxb4 Bxb4+ 17. Kf2 dxe3+ 18. Bxe3 Bd2 19. Nc4 Bxe3+ 20. Kxe3 Kc7 21. Bd3 Rhe8 22. Rhe1 Nd5+ 23. Kf2 Nf4 24. Rad1 Nxd3+ 25. Rxd3 f6 26. Rxd8 Rxd8 27. Ke3 b5 28. Nd2 Nb4 29. Rc1 Kb6 30. Ne4 a5 31. c3 Nd5+ 32. Ke2 Nc7 33. Rc2 Ne6 34. Rd2 Rxd2+ 35. Kxd2 Kc6 36. g3 f5 37. Nf2 g5 38. Ke3 Kd5 39. Nd3 f4+ 40. Ke2 e4 41. Ne1 e3 42. g4 Kc5 43. Nd3+ Kd5 44. Nc1 Nc5 45. Kd1 b4 46. c4+ Kd4 47. Ke2 Nb7 48. Nd3 Nc5 49. Nxc5 Kxc5 50. Kd3 Kd6 51. Ke2 Kc6 52. h3 Kc5 53. Kd3 h6 54. Ke2 a4 55. bxa4 Kxc4 56. Ke1 b3 57. Ke2 Kb4 58. Kd3 Kxa4 0-1